000 00291nam a22001217a 4500
008 260424b |||||||| |||| 00| 0 eng d
082 _a001065
100 _aNarayanachar, K S
245 _aGeethasrtha Ratnanidhi
260 _aHubli
_bSahitya Prakashana
_c2018
300 _a360p
942 _2ddc
999 _c1305
_d1305